| 000 | 00419nam a2200169Ia 4500 | ||
|---|---|---|---|
| 008 | 230524s9999 xx 000 0 und d | ||
| 020 | _a8122403476 | ||
| 082 |
_a530 _bGEL |
||
| 100 | _aErich Gelder | ||
| 245 | 4 | _aThe Transistors as AF-Amplifier Pre Stages Pi-23 | |
| 250 | _a1ST | ||
| 260 |
_aNEW DELHI _bWiley Eastern _c1991 |
||
| 300 | _a72 | ||
| 500 | _aQuantity Number: 2 | ||
| 650 | _aPhysics | ||
| 942 | _cBK | ||
| 999 |
_c25771 _d25771 |
||